| 000 | 00455nam a22001937a 4500 | ||
|---|---|---|---|
| 005 | 20190711114117.0 | ||
| 008 | 190711b xxu||||| |||| 00| 0 eng d | ||
| 020 |
_a9781981052417 _cRs 249 |
||
| 040 | _beng | ||
| 041 | _aEnglish | ||
| 082 |
_aF _bBAJ |
||
| 100 | _aBajoria, Nita | ||
| 245 |
_aThe leap _cNita Bajoria |
||
| 260 | _bIndependently published | ||
| 300 |
_a300p _b20 cm |
||
| 650 | _aFiction in English | ||
| 850 | _aLCLIB | ||
| 942 | _cBK | ||
| 999 |
_c42236 _d92715 |
||